Premier League: 250+ Matches (2000-) - Statistics

General Stats
  • This quiz has been taken 17 times
  • The average score is 113 of 202
Answer Stats
Ranking Player Positions Nationality Matches Goals (assists) Periods Clubs % Correct
35 Ashley Cole DF 384 15 (31) 2000-2014
100%
118 Carlton Cole FW 289 52 (23) 2001-2010, 2012-2015
100%
21 David de Gea GK 415 0 (0) 2011-2023
100%
4 Frank Lampard MF 491 160 (94) 2000-2015
100%
1 James Milner DF, MF 638 55 (89) 2002-2025
100%
55 Joe Cole MF 348 45 (35) 2000-2010, 2012-2015
100%
122 Kevin De Bruyne MF, FW 288 72 (118) 2013-2014, 2015-2025
100%
24 Kyle Walker DF, MF 410 8 (36) 2009-2025
100%
103 Mohamed Salah MF, FW 301 186 (87) 2013-2014, 2017-2025
100%
13 Petr Čech GK 443 0 (2) 2004-2019
100%
147 Romelu Lukaku FW 278 121 (35) 2011-2018, 2021-2022
100%
181 Sadio Mané MF, FW 263 111 (38) 2014-2022
100%
11 Steven Gerrard MF 463 119 (89) 2000-2015
100%
5 Wayne Rooney MF, FW 491 208 (102) 2002-2018
100%
53 Cesc Fàbregas MF, FW 350 50 (111) 2004-2010, 2014-2019
92%
31 Gary Cahill DF 394 28 (12) 2005-2021
92%
78 Harry Kane FW 320 213 (44) 2012-2023
92%
49 Hugo Lloris GK 361 0 (0) 2012-2023
92%
3 Jermain Defoe FW 496 163 (33) 2000-2019
92%
6 John Terry DF 486 41 (12) 2000-2017
92%
16 Jordan Henderson MF 431 33 (54) 2008-2023
92%
144 Juan Mata MF, FW 278 52 (54) 2011-2022
92%
33 Rio Ferdinand DF 389 9 (7) 2000-2015
92%
154 Sergio Agüero FW 275 184 (48) 2011-2021
92%
104 Virgil van Dijk DF 301 25 (8) 2015-2025
92%
91 Andrew Robertson DF, MF 308 11 (60) 2014-2015, 2016-2025
83%
69 Antonio Valencia DF, MF 325 24 (47) 2006-2019
83%
171 Bernardo Silva MF, FW 266 43 (46) 2017-2025
83%
87 Christian Eriksen MF, FW 310 55 (78) 2013-2019, 2021-2025
83%
60 Darren Fletcher MF 341 23 (27) 2003-2018
83%
89 David Silva MF, FW 309 60 (93) 2010-2020
83%
196 Didier Drogba FW 254 104 (55) 2004-2011, 2014-2015
83%
2 Gareth Barry MF 589 50 (61) 2000-2018
83%
20 Jamie Carragher DF, MF 416 1 (12) 2000-2013
83%
34 Jonny Evans DF 386 14 (14) 2007-2025
83%
125 Kasper Schmeichel GK 284 0 (0) 2007-2008, 2014-2022
83%
18 Leighton Baines DF 420 32 (53) 2005-2020
83%
189 Luke Shaw DF, MF 258 3 (17) 2012-2025
83%
126 Mikel Arteta MF 284 42 (42) 2004-2016
83%
43 Phil Neville DF, MF 374 8 (17) 2000-2013
83%
193 Roberto Firmino MF, FW 256 82 (50) 2015-2023
83%
36 Ryan Giggs MF, FW 382 55 (101) 2000-2014
83%
65 Son Heung-min MF, FW 333 127 (71) 2015-2025
83%
28 Tim Howard GK 399 1 (3) 2003-2016
83%
96 Wilfried Zaha MF, FW 305 68 (28) 2013-2023
83%
85 Aaron Cresswell DF, MF 312 10 (26) 2014-2025
75%
182 Aaron Ramsey MF 262 40 (45) 2008-2019
75%
7 Ashley Young DF, FW 485 50 (74) 2006-2019, 2021-2025
75%
83 Ben Davies DF, MF 313 10 (19) 2012-2025
75%
151 Darren Bent FW 276 106 (15) 2001-2002, 2005-2015
75%
152 Ederson GK 276 0 (7) 2017-2025
75%
84 Edwin van der Sar GK 313 0 (1) 2001-2011
75%
26 James Ward-Prowse DF, MF 404 57 (47) 2012-2025
75%
59 Jamie Vardy FW 342 145 (47) 2014-2022, 2024-2025
75%
90 Joel Ward DF, MF 309 5 (7) 2009-2010, 2013-2025
75%
94 Jordan Ayew MF, FW 305 42 (24) 2015-2025
75%
72 Jordan Pickford GK 324 0 (2) 2015-2025
75%
42 Kevin Davies FW 375 72 (48) 2000-2012
75%
51 Kolo Touré DF 353 12 (10) 2002-2016
75%
58 Luke Young DF 343 9 (8) 2000-2012
75%
22 Mark Noble MF 414 47 (35) 2005-2010, 2012-2022
75%
8 Michael Carrick MF 473 22 (38) 2000-2002, 2004-2018
75%
198 Michael Keane DF 253 16 (10) 2014-2015, 2016-2025
75%
167 Michail Antonio MF, FW 268 68 (33) 2015-2025
75%
106 Nicolas Anelka FW 299 102 (36) 2001-2004, 2006-2011, 2013-2014
75%
62 Paul Scholes MF 339 66 (35) 2000-2013
75%
109 Pepe Reina GK 297 0 (4) 2005-2012, 2019-2020
75%
30 Raheem Sterling MF, FW 396 123 (66) 2011-2025
75%
127 Riyad Mahrez MF, FW 284 82 (62) 2014-2023
75%
80 Robbie Keane FW 318 114 (33) 2000-2012
75%
136 Robin van Persie FW 280 144 (53) 2004-2015
75%
46 Séamus Coleman DF, MF 369 22 (24) 2009-2025
75%
105 Simon Davies MF 300 27 (35) 2000-2012
75%
29 Theo Walcott MF, FW 397 80 (56) 2006-2023
75%
187 Trent Alexander-Arnold DF 259 18 (64) 2016-2025
75%
68 Willian MF, FW 327 47 (45) 2013-2020, 2022-2025
75%
93 Adam Lallana MF, FW 305 33 (33) 2012-2025
67%
115 Alex Iwobi MF, FW 291 31 (36) 2015-2025
67%
192 Asmir Begović GK 256 1 (0) 2008-2018, 2021-2023
67%
169 Bacary Sagna DF 267 4 (19) 2007-2017
67%
155 Branislav Ivanović DF 274 22 (20) 2008-2016, 2020-2021
67%
54 César Azpilicueta DF, MF 349 10 (35) 2012-2023
67%
133 Christian Benteke FW 280 86 (22) 2012-2022
67%
48 Danny Welbeck MF, FW 363 77 (32) 2008-2025
67%
66 David James GK 329 0 (0) 2000-2010
67%
79 Gylfi Sigurðsson MF, FW 318 67 (50) 2011-2021
67%
166 Harry Maguire DF 268 14 (9) 2014-2015, 2016-2025
67%
61 Joe Hart GK 340 0 (1) 2006-2015, 2017-2019
67%
76 John Arne Riise DF, MF 321 21 (30) 2001-2007, 2011-2014
67%
194 Laurent Koscielny DF 255 22 (2) 2010-2019
67%
40 Łukasz Fabiański GK 376 0 (1) 2007-2010, 2012-2025
67%
201 Nemanja Matić MF 251 6 (23) 2009-2010, 2013-2022
67%
101 Pablo Zabaleta DF, MF 303 9 (21) 2008-2020
67%
10 Peter Crouch FW 468 106 (58) 2001-2019
67%
19 Aaron Lennon MF, FW 416 36 (50) 2003-2004, 2005-2019, 2021-2022
58%
174 Adam Johnson MF 265 32 (30) 2005-2016
58%
32 Ben Foster GK 390 0 (1) 2006-2019, 2021-2022
58%
17 Brad Friedel GK 425 1 (0) 2001-2014
58%
180 Chris Wood FW 263 89 (11) 2008-2009, 2010-2011, 2014-2015, 2017-2025
58%
149 Declan Rice MF 277 21 (24) 2016-2025
58%
37 Emile Heskey FW 380 74 (35) 2000-2012
58%
156 Eric Dier DF, MF 274 12 (10) 2014-2024
58%
74 Gabriel Agbonlahor MF, FW 322 74 (34) 2005-2016
58%
70 Gaël Clichy DF 325 3 (18) 2003-2017
58%
50 Glen Johnson DF 358 15 (28) 2002-2018
58%
12 John O'Shea DF, MF 445 13 (13) 2001-2017
58%
121 Joleon Lescott DF 288 23 (9) 2006-2017
58%
108 Marcus Rashford MF, FW 297 89 (42) 2015-2025
58%
195 Olivier Giroud FW 255 90 (29) 2012-2021
58%
146 Patrice Evra DF 278 7 (21) 2005-2013, 2017-2018
58%
197 Pierre Højbjerg MF 254 12 (15) 2016-2024
58%
75 Robert Huth DF 322 21 (6) 2001-2017
58%
81 Ryan Shawcross DF 317 14 (9) 2008-2018
58%
177 Vincent Kompany DF 265 18 (7) 2008-2019
58%
99 Craig Dawson DF 303 21 (5) 2011-2017, 2019-2025
50%
39 Danny Murphy MF 377 48 (52) 2000-2012
50%
178 Fernandinho DF, MF 264 20 (19) 2013-2022
50%
134 Jeffrey Schlupp DF, MF, FW 280 22 (14) 2014-2025
50%
145 Louis Saha FW 278 84 (19) 2001-2013
50%
88 Marc Albrighton DF, MF, FW 310 20 (44) 2009-2023
50%
185 Marouane Fellaini MF 260 37 (16) 2008-2019
50%
124 Michael Dawson DF 286 11 (5) 2004-2014, 2016-2017
50%
111 Moussa Sissoko MF, FW 295 16 (25) 2012-2022
50%
128 Ross Barkley MF, FW 284 37 (33) 2011-2021, 2023-2025
50%
137 Sami Hyypiä DF 280 20 (6) 2000-2009
50%
47 Scott Parker MF 364 24 (20) 2000-2014
50%
131 Sebastian Larsson MF 282 26 (26) 2005-2006, 2007-2008, 2009-2017
50%
82 Shaun Wright-Phillips MF, FW 316 32 (35) 2000-2001, 2002-2012, 2014-2015
50%
38 Shay Given GK 380 0 (0) 2000-2009, 2011-2012, 2014-2017
50%
165 Sol Campbell DF, FW 269 12 (6) 2000-2011
50%
25 Stewart Downing MF, FW 408 37 (59) 2001-2014, 2016-2017
50%
114 Wes Brown DF 292 4 (9) 2000-2011, 2013-2016
50%
77 William Gallas DF 321 25 (3) 2001-2013
50%
23 Aaron Hughes DF 410 3 (11) 2000-2014
42%
148 Ben Mee DF 277 14 (5) 2014-2015, 2016-2025
42%
117 Cheikhou Kouyaté DF, MF 291 15 (11) 2014-2024
42%
112 Craig Bellamy FW 294 81 (31) 2000-2009, 2011-2012, 2013-2014
42%
63 Damien Duff MF, FW 337 49 (51) 2001-2014
42%
100 James Tarkowski DF 303 10 (8) 2016-2025
42%
27 Kevin Nolan MF 401 69 (26) 2001-2008, 2010-2011, 2012-2016
42%
179 Ledley King DF, MF 264 10 (8) 2000-2012
42%
15 Mark Schwarzer GK 436 0 (1) 2000-2015
42%
41 Phil Jagielka DF, MF 376 18 (9) 2006-2021
42%
92 Steven Davis MF 306 17 (20) 2004-2007, 2012-2019
42%
141 Abdoulaye Doucouré MF, FW 278 36 (23) 2016-2025
33%
116 Andros Townsend MF, FW 291 26 (31) 2012-2021, 2023-2024
33%
98 Jack Cork DF, MF 304 9 (9) 2009-2010, 2012-2021, 2023-2024
33%
73 James McArthur MF 323 23 (23) 2010-2012, 2014-2023
33%
86 James Morrison MF, FW 311 32 (33) 2003-2006, 2008-2009, 2010-2018
33%
188 Jay Rodriguez MF, FW 258 46 (17) 2012-2013, 2015-2017, 2019-2021, 2023-2024
33%
143 Jonjo Shelvey MF 278 23 (27) 2010-2015, 2017-2023
33%
52 Leon Osman MF 352 44 (27) 2002-2016
33%
71 Matthew Taylor DF, MF 325 40 (24) 2003-2010, 2012-2015
33%
186 Morten Gamst Pedersen MF, FW 260 34 (39) 2004-2012
33%
168 Nathaniel Clyne DF 268 4 (12) 2012-2018, 2020-2025
33%
45 Paul Robinson GK 370 1 (5) 2000-2001, 2002-2011, 2016-2017
33%
102 Phil Bardsley DF 303 7 (5) 2005-2021
33%
57 Shane Long FW 344 56 (24) 2006-2007, 2011-2022
33%
9 Sylvain Distin DF 469 7 (6) 2001-2016
33%
123 Ashley Westwood MF 286 12 (31) 2012-2022
25%
199 Bobby Zamora FW 252 47 (34) 2003-2004, 2005-2012, 2014-2015
25%
163 Chris Brunt DF, MF 269 25 (48) 2008-2009, 2010-2018
25%
150 Glenn Whelan MF 277 4 (12) 2008-2017
25%
138 James Collins DF 279 11 (1) 2005-2018
25%
159 James McCarthy MF 272 13 (12) 2009-2021
25%
119 James Tomkins DF, MF 289 14 (7) 2007-2010, 2012-2024
25%
14 Jussi Jääskeläinen GK 436 0 (3) 2001-2015
25%
173 Lewis Dunk DF 266 16 (6) 2017-2025
25%
170 Robert Green GK 267 0 (0) 2004-2005, 2006-2010, 2012-2013, 2014-2015
25%
183 Ryan Bertrand DF, MF 262 7 (15) 2010-2022
25%
67 Thomas Sørensen GK 327 0 (0) 2000-2006, 2008-2011, 2013-2014
25%
200 Yakubu Aiyegbeni FW 252 96 (26) 2003-2012
25%
135 Jermaine Jenas MF 280 32 (26) 2001-2013
17%
164 Joey Barton MF 269 26 (34) 2002-2008, 2010-2011, 2014-2015, 2016-2017
17%
140 Mario Melchiot DF 279 6 (10) 2000-2005, 2007-2010
17%
153 Nathan Redmond MF, FW 276 28 (26) 2013-2014, 2015-2024
17%
56 Paul Konchesky DF, FW 345 9 (22) 2000-2010, 2014-2015
17%
44 Richard Dunne DF 374 11 (5) 2000-2001, 2002-2011, 2014-2015
17%
113 Titus Bramble DF 292 10 (3) 2000-2013
17%
176 Tony Hibbert DF 265 0 (8) 2000-2016
17%
158 Wayne Bridge DF 274 2 (19) 2000-2012
17%
110 Wayne Routledge MF, FW 297 16 (29) 2004-2008, 2010-2018
17%
132 Charles N'Zogbia DF, FW 281 28 (36) 2004-2012, 2014-2016
8%
184 Craig Gardner MF 260 31 (14) 2005-2017
8%
97 George Boateng MF 304 10 (12) 2000-2010
8%
175 Kieran Richardson DF, MF 265 24 (17) 2002-2003, 2004-2016
8%
160 Lee Bowyer MF 272 36 (24) 2000-2011
8%
190 Liam Ridgewell DF 257 17 (7) 2003-2007, 2009-2014
8%
162 Matt Upson DF 271 9 (4) 2000-2012, 2014-2015
8%
202 Ricardo Gardner DF, MF 251 10 (11) 2001-2012
8%
120 Rory Delap MF 289 15 (14) 2000-2005, 2008-2013
8%
107 Shola Ameobi FW 298 43 (20) 2000-2008, 2010-2015
8%
64 Steed Malbranque MF 336 39 (55) 2001-2011
8%
129 Zat Knight DF 284 7 (2) 2001-2012
8%
172 Gavin McCann MF 266 8 (8) 2000-2010
0%
142 Hermann Hreiðarsson DF 278 11 (15) 2000-2001, 2003-2010
0%
157 James Beattie FW 274 86 (30) 2000-2006, 2008-2011
0%
95 Kevin Kilbane DF, MF 305 14 (17) 2000-2010
0%
161 Lee Cattermole MF 271 6 (8) 2005-2017
0%
139 Lucas Neill DF 279 6 (15) 2001-2010
0%
191 Luís Boa Morte MF, FW 257 28 (34) 2001-2011
0%
130 Matthew Etherington MF 283 21 (35) 2000-2002, 2005-2014
0%
No matching quizzes found
Score Distribution
Percent of People with Each Score
Percentile by Number Answered
Your Score History
You have not taken this quiz